[Event "Stuttgart-chB int"]
[Site "Ditzingen"]
[Date "2018.05.12"]
[Round "6"]
[White "Stockter, Jasper Enno"]
[Black "Kluge, Malte"]
[Result "1/2-1/2"]
[WhiteElo "1763"]
[BlackElo "1584"]
[PlyCount "53"]
[EventDate "2018.05.10"]
[EventType "swiss"]
[EventRounds "7"]
[EventCountry "GER"]
[SourceTitle "EXT 2020"]
[Source "ChessBase"]
[SourceDate "2019.10.17"]
[SourceVersion "1"]
[SourceVersionDate "2019.10.17"]
[SourceQuality "1"]

1. e4 c5 2. Nf3 d6 3. d4 cxd4 4. Qxd4 Nc6 5. Bb5 Bd7 6. Qd3 Nf6 7. c4 g6 8. Nc3 Bg7 9. 0-0 0-0 10. h3 Nb4 11. Qe2 Rc8 12. a3 Nc6 13. Rb1 a5 14. Be3 Nb8 15. Nd2 Bxb5 16. Nxb5 Nbd7 17. Rfc1 Nc5 18. Bxc5 dxc5 19. Nf3 e6 20. Rd1 Qe7 21. Rd2 Rfd8 22. Rbd1 Rxd2 23. Rxd2 Rd8 24. e5 Nd7 25. Rd6 Nb8 26. Qd2 Rxd6 27. Nxd6 1/2-1/2

[Event "Stuttgart-chB int"]
[Site "Ditzingen"]
[Date "2018.05.11"]
[Round "3"]
[White "Andrade Fiallos, Rolando Javier"]
[Black "Stockter, Jasper Enno"]
[Result "1/2-1/2"]
[WhiteElo "1746"]
[BlackElo "1763"]
[PlyCount "40"]
[EventDate "2018.05.10"]
[EventType "swiss"]
[EventRounds "7"]
[EventCountry "GER"]
[SourceTitle "EXT 2020"]
[Source "ChessBase"]
[SourceDate "2019.10.17"]
[SourceVersion "1"]
[SourceVersionDate "2019.10.17"]
[SourceQuality "1"]

1. e4 e6 2. d4 d5 3. e5 c5 4. c3 Nc6 5. Nf3 Qb6 6. Be2 Nge7 7. dxc5 Qxc5 8. Be3 Qa5 9. 0-0 Ng6 10. Bd4 Bd7 11. Re1 Nxd4 12. cxd4 Bb4 13. Nbd2 0-0 14. a3 Be7 15. g3 Rfc8 16. Bd3 Bb5 17. Qe2 Bxd3 18. Qxd3 Rc7 19. Rec1 Rac8 20. Nb3 Qb6 1/2-1/2

[Event "GER-chT U14"]
[Site "Verden an der Aller"]
[Date "2017.12.28"]
[Round "3.4"]
[White "Stockter, Jasper Enno"]
[Black "Beer, Ludwig"]
[Result "0-1"]
[WhiteElo "1722"]
[BlackElo "1553"]
[PlyCount "78"]
[EventDate "2017.12.26"]
[EventType "team-swiss"]
[EventRounds "7"]
[EventCountry "GER"]
[SourceTitle "CBM 182 Extra"]
[Source "ChessBase"]
[SourceDate "2018.02.23"]
[SourceVersion "1"]
[SourceVersionDate "2018.02.23"]
[SourceQuality "1"]
[WhiteTeam "Berlin Mattnetz"]
[BlackTeam "Berlin Empor"]
[WhiteTeamCountry "GER"]
[BlackTeamCountry "GER"]

1. e4 c5 2. Nf3 d6 3. d4 cxd4 4. Qxd4 Nc6 5. Bb5 Bd7 6. Qd3 g6 7. c4 Bg7 8. Nc3 a6 9. Bxc6 Bxc6 10. 0-0 Nf6 11. h3 0-0 12. Be3 Rc8 13. Rac1 Qd7 14. Bb6 Nh5 15. Qe3 f5 16. b3 fxe4 17. Nxe4 Rf4 18. Neg5 h6 19. Ne6 Re4 20. Nc5 dxc5 21. Qxc5 Re6 22. Rcd1 Rd6 23. Rxd6 Qxd6 24. Qe3 Bxf3 25. c5 Qc6 26. gxf3 Rf8 27. Kg2 Nf4+ 28. Kh2 Ne6 29. Re1 Nd4 30. f4 Nf3+ 31. Kg3 Nxe1 32. Qxe1 e5 33. Qe2 exf4+ 34. Kh2 f3 35. Qc4+ Kh7 36. Ba5 Be5+ 37. Kg1 Qd7 38. Qh4 Qd1+ 39. Be1 Qxe1# 0-1

[Event "GER-ch U25-A"]
[Site "Willingen"]
[Date "2017.06.04"]
[Round "2"]
[White "Seinsoth, Paul"]
[Black "Stockter, Jasper Enno"]
[Result "1-0"]
[WhiteElo "1455"]
[BlackElo "1572"]
[PlyCount "41"]
[EventDate "2017.06.04"]
[EventType "swiss"]
[EventRounds "9"]
[EventCountry "GER"]
[SourceTitle "CBM 178 Extra"]
[Source "ChessBase"]
[SourceDate "2017.06.22"]
[SourceVersion "1"]
[SourceVersionDate "2017.06.22"]
[SourceQuality "1"]

1. c4 Nf6 2. Nc3 g6 3. g3 Bg7 4. Bg2 0-0 5. Nf3 c6 6. 0-0 d5 7. cxd5 cxd5 8. d4 Nc6 9. Bf4 Qb6 10. b3 Rd8 11. Na4 Qa5 12. Ne5 Nxe5 13. dxe5 e6 14. Rc1 b6 15. Nc3 Bb7 16. a4 a6 17. Na2 Rac8 18. Rxc8 Rxc8 19. b4 Rc1 20. bxa5 Rxd1 21. Rxd1 1-0

[Event "GER-ch U25-A"]
[Site "Willingen"]
[Date "2016.05.16"]
[Round "3"]
[White "Kagan, Dennis"]
[Black "Stockter, Jasper Enno"]
[Result "1-0"]
[WhiteElo "1974"]
[BlackElo "1479"]
[PlyCount "83"]
[EventDate "2016.05.15"]
[EventType "swiss"]
[EventRounds "9"]
[EventCountry "GER"]
[SourceTitle "CBM 172 Extra"]
[Source "ChessBase"]
[SourceDate "2016.06.21"]
[SourceVersion "1"]
[SourceVersionDate "2016.06.21"]
[SourceQuality "1"]

1. e4 e6 2. d4 d5 3. e5 c5 4. c3 Nc6 5. Nf3 Qb6 6. a3 c4 7. Nbd2 Na5 8. Rb1 Bd7 9. Qc2 Nb3 10. Nxb3 cxb3 11. Qd1 a5 12. Bd3 a4 13. Ng5 Nh6 14. Nxh7 Be7 15. Bxh6 gxh6 16. Qf3 Qd8 17. Qh5 Bc6 18. Qxh6 Kd7 19. g3 Qg8 20. Nf6+ Bxf6 21. Qxf6 Rf8 22. h4 Qg4 23. Kd2 Qh5 24. f3 Qh6+ 25. Ke2 Qxf6 26. exf6 Rh6 27. g4 Rxf6 28. g5 Rg6 29. Bxg6 fxg6 30. h5 gxh5 31. Rxh5 Bb5+ 32. Ke3 Kd6 33. Rg1 Be8 34. Rh6 Bf7 35. Rf6 Ke7 36. Rh1 Bg8 37. Rxf8 Kxf8 38. Rh8 Kg7 39. Rxg8+ Kxg8 40. Kf4 Kg7 41. Ke5 Kg6 42. f4 1-0

[Event "GER-chT U12"]
[Site "Magdeburg"]
[Date "2015.12.28"]
[Round "3.3"]
[White "Stockter, Jasper Enno"]
[Black "Goltser, Ilja"]
[Result "1/2-1/2"]
[WhiteElo "1512"]
[BlackElo "1504"]
[PlyCount "74"]
[EventDate "2015.12.27"]
[EventType "team-swiss"]
[EventRounds "7"]
[EventCountry "GER"]
[SourceTitle "EXT 2017"]
[Source "ChessBase"]
[SourceDate "2016.10.25"]
[SourceVersion "1"]
[SourceVersionDate "2016.10.25"]
[SourceQuality "1"]
[WhiteTeam "Berlin Mattnetz"]
[BlackTeam "Hamburger SK"]
[WhiteTeamCountry "GER"]
[BlackTeamCountry "GER"]

1. e4 e6 2. d4 d5 3. exd5 exd5 4. Qf3 c6 5. Bd3 Bd6 6. Ne2 Nd7 7. Nbc3 Qf6 8. Qxf6 Ndxf6 9. Bf4 Bxf4 10. Nxf4 Ne7 11. 0-0 0-0 12. Rfe1 Re8 13. Nfe2 Bf5 14. Bxf5 Nxf5 15. Rad1 Re7 16. h3 h5 17. Na4 b6 18. c3 Rae8 19. Kf1 c5 20. b3 cxd4 21. Nxd4 Nxd4 22. Rxe7 Rxe7 23. Rxd4 Rc7 24. c4 dxc4 25. Rxc4 Rxc4 26. bxc4 Nd7 27. Ke2 Kf8 28. Ke3 Ke7 29. Kd4 Ke6 30. c5 bxc5+ 31. Nxc5+ Nxc5 32. Kxc5 g5 33. g3 Ke5 34. Kc6 f5 35. Kb7 Ke4 36. Kxa7 Kf3 37. Kb6 Kxf2 1/2-1/2

[Event "GER-chT U12"]
[Site "Magdeburg"]
[Date "2015.12.27"]
[Round "1.3"]
[White "Stockter, Jasper Enno"]
[Black "Dehn, Lukas"]
[Result "1-0"]
[WhiteElo "1512"]
[BlackElo "1104"]
[PlyCount "43"]
[EventDate "2015.12.27"]
[EventType "team-swiss"]
[EventRounds "7"]
[EventCountry "GER"]
[SourceTitle "EXT 2017"]
[Source "ChessBase"]
[SourceDate "2016.10.25"]
[SourceVersion "1"]
[SourceVersionDate "2016.10.25"]
[SourceQuality "1"]
[WhiteTeam "Berlin Mattnetz"]
[BlackTeam "Ende"]
[WhiteTeamCountry "GER"]
[BlackTeamCountry "GER"]

1. e4 e5 2. Nf3 f6 3. d4 d6 4. dxe5 fxe5 5. Bc4 Nc6 6. Ng5 Nh6 7. Be6 Bxe6 8. Nxe6 Qf6 9. Nxc7+ Kd8 10. Nxa8 Be7 11. Be3 Ng4 12. Qxg4 Nd4 13. Bxd4 exd4 14. Qf5 Qh6 15. 0-0 Rf8 16. Qa5+ Ke8 17. Nc7+ Kf7 18. Qd5+ Kg6 19. Qe6+ Bf6 20. Nd5 Kg5 21. Qf5+ Kh4 22. g3# 1-0

[Event "GER-ch U25 op-A"]
[Site "Willingen"]
[Date "2015.05.26"]
[Round "4"]
[White "Stockter, Jasper Enno"]
[Black "Udaykumar, Arunn Mark"]
[Result "0-1"]
[WhiteElo "1496"]
[BlackElo "1713"]
[PlyCount "36"]
[EventDate "2015.05.24"]
[EventType "swiss"]
[EventRounds "9"]
[EventCountry "GER"]
[SourceTitle "CBM 166 Extra"]
[Source "ChessBase"]
[SourceDate "2015.06.18"]
[SourceVersion "1"]
[SourceVersionDate "2015.06.18"]
[SourceQuality "1"]

1. e4 e5 2. Nf3 Nc6 3. d4 exd4 4. Nxd4 Bc5 5. Be3 Qf6 6. c3 Nge7 7. Be2 0-0 8. 0-0 d5 9. exd5 Nxd5 10. Bf3 Nxe3 11. fxe3 Qh6 12. Re1 Ne5 13. Kh1 Re8 14. Nb5 Bb6 15. e4 c6 16. Nd6 Rd8 17. Nxf7 Nxf7 18. Qe2 Bc7 0-1

[Event "GER-ch U25 op-A"]
[Site "Willingen"]
[Date "2015.05.25"]
[Round "3"]
[White "Meyer, Nico"]
[Black "Stockter, Jasper Enno"]
[Result "1/2-1/2"]
[WhiteElo "1626"]
[BlackElo "1496"]
[PlyCount "41"]
[EventDate "2015.05.24"]
[EventType "swiss"]
[EventRounds "9"]
[EventCountry "GER"]
[SourceTitle "CBM 166 Extra"]
[Source "ChessBase"]
[SourceDate "2015.06.18"]
[SourceVersion "1"]
[SourceVersionDate "2015.06.18"]
[SourceQuality "1"]

1. e4 e6 2. d4 d5 3. exd5 exd5 4. Bd3 Bd6 5. Ne2 Ne7 6. Bf4 Bf5 7. 0-0 Nbc6 8. c3 0-0 9. Re1 Qd7 10. Qc2 Bxd3 11. Qxd3 a6 12. Nd2 Ng6 13. Bg3 Rfe8 14. Nf3 Bxg3 15. Nxg3 h6 16. Nf5 Rxe1+ 17. Rxe1 Re8 18. Rxe8+ Qxe8 19. Qc2 Qe6 20. Ne3 Nce7 21. Kf1 1/2-1/2

[Event "GER-chT U14"]
[Site "Regensburg"]
[Date "2014.12.29"]
[Round "6.4"]
[White "Stockter, Jasper Enno"]
[Black "Neumann, Oskar"]
[Result "0-1"]
[WhiteElo "1448"]
[BlackElo "1431"]
[PlyCount "116"]
[EventDate "2014.12.27"]
[EventType "team-swiss"]
[EventRounds "7"]
[EventCountry "GER"]
[SourceTitle "EXT 2016"]
[Source "ChessBase"]
[SourceDate "2015.10.08"]
[SourceVersion "1"]
[SourceVersionDate "2015.10.08"]
[SourceQuality "1"]
[WhiteTeam "Treptow"]
[BlackTeam "Eppendorf Johanneum"]
[WhiteTeamCountry "GER"]
[BlackTeamCountry "GER"]

1. e4 c5 2. Nf3 e6 3. d4 cxd4 4. Nxd4 a6 5. Nc3 Qc7 6. Be3 Nf6 7. a3 b5 8. Be2 Bb7 9. Qd3 d6 10. 0-0 Nbd7 11. f3 Ne5 12. Qd2 Nc4 13. Bxc4 Qxc4 14. Nde2 Be7 15. Rad1 0-0 16. Qe1 Qc7 17. Qg3 Kh8 18. Kh1 Rac8 19. Rd2 Rfd8 20. Rfd1 Bf8 21. Qf2 Qb8 22. Ng3 d5 23. exd5 Nxd5 24. Nxd5 Bxd5 25. c3 Bd6 26. Rd4 Bc5 27. R4d2 Qa7 28. Bxc5 Qxc5 29. Qxc5 Rxc5 30. Ne4 Rc7 31. h3 h6 32. Kg1 Kg8 33. Kf2 Kf8 34. g4 Ke7 35. Rd4 Rdc8 36. Ke3 Rc4 37. Rxc4 Rxc4 38. Rd4 Rxd4 39. Kxd4 Bxe4 40. fxe4 Kd6 41. e5+ Kc6 42. c4 bxc4 43. Kxc4 f6 44. Kd4 Kb5 45. b3 a5 46. h4 a4 47. b4 Kb6 48. Ke4 Kc6 49. Kf4 Kd5 50. exf6 gxf6 51. g5 e5+ 52. Kf5 fxg5 53. hxg5 hxg5 54. Kxg5 e4 55. Kf4 Kd4 56. Kg3 Kd3 57. Kg2 e3 58. b5 e2 0-1

[Event "GER-chT U14"]
[Site "Regensburg"]
[Date "2014.12.28"]
[Round "4.4"]
[White "Stockter, Jasper Enno"]
[Black "Von Koslowski, Wilhelm"]
[Result "0-1"]
[WhiteElo "1448"]
[BlackElo "1394"]
[PlyCount "86"]
[EventDate "2014.12.27"]
[EventType "team-swiss"]
[EventRounds "7"]
[EventCountry "GER"]
[SourceTitle "EXT 2016"]
[Source "ChessBase"]
[SourceDate "2015.10.08"]
[SourceVersion "1"]
[SourceVersionDate "2015.10.08"]
[SourceQuality "1"]
[WhiteTeam "Treptow"]
[BlackTeam "Coswig TuS"]
[WhiteTeamCountry "GER"]
[BlackTeamCountry "GER"]

1. e4 d5 2. exd5 Qxd5 3. Nc3 Qa5 4. d4 c6 5. Bc4 Nf6 6. Nf3 Bf5 7. Bd2 e6 8. Qe2 Bb4 9. 0-0-0 Nbd7 10. a3 Bxc3 11. Bxc3 Qc7 12. Kb1 0-0-0 13. Nh4 Bg6 14. Nxg6 hxg6 15. h3 Nb6 16. Ba5 Nfd5 17. Bxd5 Rxd5 18. Bb4 Rhd8 19. Qg4 Rf5 20. Qg3 Qf4 21. Qxf4 Rxf4 22. Bc5 Rxf2 23. Bxb6 axb6 24. Rhf1 Rxf1 25. Rxf1 f6 26. c3 c5 27. Rf4 Kc7 28. Kc2 Kc6 29. b4 cxd4 30. Rxd4 Rxd4 31. cxd4 Kd5 32. Kd3 b5 33. g3 e5 34. dxe5 fxe5 35. h4 e4+ 36. Ke3 Ke5 37. g4 g5 38. hxg5 g6 39. Ke2 Kf4 40. Kf2 e3+ 41. Ke2 Ke4 42. Ke1 Kf3 43. Kf1 e2+ 0-1

[Event "GER-chT U12"]
[Site "Schney"]
[Date "2013.12.27"]
[Round "1.3"]
[White "Hildermann, Christopher"]
[Black "Stockter, Jasper Enno"]
[Result "0-1"]
[WhiteElo "1028"]
[BlackElo "1337"]
[PlyCount "52"]
[EventDate "2013.12.27"]
[EventType "team-swiss"]
[EventRounds "7"]
[EventCountry "GER"]
[SourceTitle "EXT 2015"]
[Source "ChessBase"]
[SourceDate "2014.11.20"]
[SourceVersion "1"]
[SourceVersionDate "2014.11.20"]
[SourceQuality "1"]
[WhiteTeam "Nuernberg Zabo"]
[BlackTeam "Treptow"]
[WhiteTeamCountry "GER"]
[BlackTeamCountry "GER"]

1. b4 d5 2. Bb2 f6 3. e3 e5 4. b5 c6 5. a4 a6 6. d4 axb5 7. axb5 Rxa1 8. Bxa1 e4 9. f3 exf3 10. Nxf3 Bd7 11. Nc3 Qa5 12. bxc6 Nxc6 13. Be2 Bb4 14. 0-0 Bxc3 15. Bxc3 Qxc3 16. Qc1 Nge7 17. Kf2 Bf5 18. Qb1 0-0 19. Qxb7 Qxc2 20. Ne1 Qe4 21. Nf3 Bg4 22. h3 Bxf3 23. gxf3 Qh4+ 24. Kg2 Nf5 25. Rg1 Nxe3+ 26. Kh1 Qxh3# 0-1

[Event "GER-chT North U12"]
[Site "Magdeburg"]
[Date "2013.09.14"]
[Round "6.4"]
[White "Schwerdt, Alwin Elias"]
[Black "Stockter, Jasper Enno"]
[Result "1/2-1/2"]
[WhiteElo "1076"]
[BlackElo "1258"]
[PlyCount "74"]
[EventDate "2013.09.12"]
[EventType "team-swiss"]
[EventRounds "7"]
[EventCountry "GER"]
[SourceTitle "EXT 2014"]
[Source "ChessBase"]
[SourceDate "2013.11.20"]
[SourceVersion "1"]
[SourceVersionDate "2013.11.20"]
[SourceQuality "1"]
[WhiteTeam "Luebeck"]
[BlackTeam "Treptow"]
[WhiteTeamCountry "GER"]
[BlackTeamCountry "GER"]

1. e4 e6 2. d4 d5 3. exd5 exd5 4. Nf3 Bd6 5. Nc3 c6 6. Bd3 Ne7 7. Bd2 0-0 8. 0-0 Bf5 9. Bxf5 Nxf5 10. Re1 Nd7 11. h3 Qf6 12. Bg5 Qg6 13. Qd2 h6 14. Bf4 Rfe8 15. Bxd6 Qxd6 16. Rxe8+ Rxe8 17. Re1 Re6 18. Kf1 Rxe1+ 19. Qxe1 Kf8 20. Ne5 Nxd4 21. Nxd7+ Qxd7 22. Qd2 Ne6 23. Ne4 Ke7 24. Ng3 Ng5 25. Qe3+ Kf6 26. Qxa7 Kg6 27. Qe3 Qe6 28. Qxe6+ Nxe6 29. Ke2 Kg5 30. c3 g6 31. Ke3 Nf4 32. Kf3 Nd3 33. b4 Ne5+ 34. Ke2 Nc4 35. f3 h5 36. Nf1 h4 37. Kf2 Kf4 1/2-1/2

[Event "GER-chT North U12"]
[Site "Magdeburg"]
[Date "2013.09.12"]
[Round "1.3"]
[White "Stockter, Jasper Enno"]
[Black "Limboeck, Sebastian"]
[Result "1-0"]
[WhiteElo "1258"]
[BlackElo "1100"]
[PlyCount "93"]
[EventDate "2013.09.12"]
[EventType "team-swiss"]
[EventRounds "7"]
[EventCountry "GER"]
[SourceTitle "EXT 2014"]
[Source "ChessBase"]
[SourceDate "2013.11.20"]
[SourceVersion "1"]
[SourceVersionDate "2013.11.20"]
[SourceQuality "1"]
[WhiteTeam "Treptow"]
[BlackTeam "Peine"]
[WhiteTeamCountry "GER"]
[BlackTeamCountry "GER"]

1. e4 e5 2. Nf3 Nc6 3. d4 exd4 4. Nxd4 Nf6 5. Nxc6 bxc6 6. e5 Nd5 7. Bd3 Bc5 8. 0-0 Bb7 9. Qf3 Qe7 10. Re1 0-0-0 11. Qe2 Nf4 12. Bxf4 g5 13. Bd2 h5 14. c3 g4 15. b4 Bb6 16. a4 a5 17. bxa5 Bxa5 18. Ba6 Rde8 19. Bxb7+ Kxb7 20. Na3 d6 21. Rab1+ Kc8 22. Qa6+ Kd7 23. Qxa5 Ra8 24. Qb4 Rhb8 25. Qxb8 Rxb8 26. Rxb8 dxe5 27. Nc4 f6 28. Nb6+ Ke6 29. Nc4 Qc5 30. Ne3 Qa7 31. Rb4 c5 32. Rc4 Qa6 33. f4 h4 34. fxe5 fxe5 35. Rxg4 Qd3 36. Nc4 h3 37. Rxe5+ Kf6 38. Bg5+ Kf7 39. Rf4+ Kg7 40. Bf6+ Kf7 41. Re7+ Kg8 42. Rg7+ Kf8 43. Be5+ Ke8 44. Rg8+ Ke7 45. Bf6+ Kf7 46. Ne5+ Kxg8 47. Nxd3 1-0

[Event "GER-ch U25 op-B"]
[Site "Oberhof"]
[Date "2013.05.23"]
[Round "7"]
[White "Stockter, Jasper Enno"]
[Black "Matuschak, Henry"]
[Result "1-0"]
[WhiteElo "1239"]
[BlackElo "1082"]
[PlyCount "93"]
[EventDate "2013.05.19"]
[EventType "swiss"]
[EventRounds "9"]
[EventCountry "GER"]
[SourceTitle "CBM 154 Extra"]
[Source "ChessBase"]
[SourceDate "2013.06.25"]
[SourceVersion "2"]
[SourceVersionDate "2013.06.25"]
[SourceQuality "1"]

1. e4 e5 2. Nf3 Nc6 3. d4 exd4 4. Nxd4 d5 5. Bb5 Bd7 6. 0-0 dxe4 7. Bxc6 Bxc6 8. Nxc6 bxc6 9. Nc3 Nf6 10. Bg5 Be7 11. Re1 0-0 12. Qxd8 Rfxd8 13. Nxe4 Nd5 14. Bxe7 Nxe7 15. Nf6+ gxf6 16. Rxe7 Rac8 17. Rae1 Kf8 18. R7e2 Rb8 19. b3 Rd7 20. f3 Rbd8 21. Kf2 Rd2 22. Rxd2 Rxd2+ 23. Re2 Rxe2+ 24. Kxe2 Ke7 25. Ke3 Ke6 26. c4 c5 27. Kf4 h6 28. Kg4 Ke5 29. Kh5 Kf4 30. Kxh6 Ke3 31. Kg7 Kd3 32. h4 Kc3 33. h5 Kb2 34. h6 Kxa2 35. h7 Kxb3 36. h8Q a5 37. Kxf7 a4 38. Qxf6 a3 39. Qa1 c6 40. g4 a2 41. g5 Ka3 42. g6 Kb3 43. g7 Ka3 44. g8R Kb3 45. Ke7 Ka3 46. Rb8 Ka4 47. Qxa2# 1-0

[Event "GER-ch U25 op-B"]
[Site "Oberhof"]
[Date "2013.05.21"]
[Round "4"]
[White "Stockter, Jasper Enno"]
[Black "Frohnhaeuser, Simon"]
[Result "0-1"]
[WhiteElo "1239"]
[BlackElo "1418"]
[PlyCount "92"]
[EventDate "2013.05.19"]
[EventType "swiss"]
[EventRounds "9"]
[EventCountry "GER"]
[SourceTitle "CBM 154 Extra"]
[Source "ChessBase"]
[SourceDate "2013.06.25"]
[SourceVersion "2"]
[SourceVersionDate "2013.06.25"]
[SourceQuality "1"]

1. e4 c5 2. Nf3 d6 3. d4 cxd4 4. Nxd4 Nf6 5. Nc3 a6 6. Be2 e5 7. Nf3 Be7 8. Be3 Be6 9. 0-0 0-0 10. Nd2 Nbd7 11. Nb3 b5 12. a3 Qc7 13. f4 Bc4 14. Bxc4 Qxc4 15. Nd2 Qc7 16. Nf3 Ng4 17. Nd5 Qd8 18. Nxe7+ Qxe7 19. Qd3 Rac8 20. fxe5 dxe5 21. Kh1 Nc5 22. Bxc5 Qxc5 23. Qc3 Nf2+ 24. Kg1 Nxe4+ 25. Qxc5 Rxc5 26. Rfe1 f5 27. Rac1 Kf7 28. b4 Rd5 29. Rcd1 Rxd1 30. Rxd1 Ke6 31. Rd3 Rc8 32. Ne1 Nc3 33. Rh3 h6 34. Rg3 Ne2+ 35. Kf2 Nxg3 36. Kxg3 Rc3+ 37. Kf2 Rxa3 38. Ke2 Kd5 39. Kd2 Kc4 40. Nf3 Kd5 41. h3 Rxf3 42. gxf3 Kc4 43. c3 e4 44. Ke3 exf3 45. Kxf3 g5 46. Ke3 Kxc3 0-1

[Event "GER-ch U25 op-B"]
[Site "Oberhof"]
[Date "2013.05.20"]
[Round "3"]
[White "Stockter, Jasper Enno"]
[Black "Graf, Lennard"]
[Result "1-0"]
[WhiteElo "1239"]
[BlackElo "979"]
[PlyCount "47"]
[EventDate "2013.05.19"]
[EventType "swiss"]
[EventRounds "9"]
[EventCountry "GER"]
[SourceTitle "CBM 154 Extra"]
[Source "ChessBase"]
[SourceDate "2013.06.25"]
[SourceVersion "2"]
[SourceVersionDate "2013.06.25"]
[SourceQuality "1"]

1. e4 c5 2. Nf3 a6 3. d4 cxd4 4. Nxd4 Nf6 5. Nc3 e5 6. Nf3 Bb4 7. Qd3 Nc6 8. Bg5 d6 9. Be2 Bg4 10. 0-0 0-0 11. Nd5 Bc5 12. Nxf6+ gxf6 13. Bh6 Re8 14. Nd2 Bxe2 15. Qxe2 Kh8 16. Qh5 Qe7 17. Nf3 Nd4 18. Nh4 Nxc2 19. Nf5 Qd7 20. Bg7+ Kg8 21. Bxf6 Re6 22. Qg4+ Kf8 23. Qg7+ Ke8 24. Qg8# 1-0